[Event "72nd RUS-ch Higher League 2019"]
[Site "Yaroslavl"]
[Date "2019.07.03"]
[Round "6.29"]
[White "Ibadov, Dashgyn"]
[Black "Galaktionov, Artem"]
[Result "1/2-1/2"]
[WhiteElo "2298"]
[BlackElo "2371"]
[Annotator "TA"]
[PlyCount "137"]
[EventDate "2019.06.27"]
[EventType "swiss"]
[EventCountry "RUS"]
[SourceTitle "playchess.com"]
[Source "ChessBase"]
[SourceQuality "1"]

{[%evp 15,137,30,32,33,55,57,101,101,85,68,78,67,109,101,98,91,130,120,137,75,104,90,116,57,85,64,68,63,156,130,243,238,222,63,47,0,0,0,252,114,210,79,85,95,132,8,8,0,0,0,0,0,0,0,0,0,0,0,0,0,0,0,0,0,0,0,0,0,0,0,0,0,0,0,0,0,0,0,0,0,0,0,0,0,0,0,0,0,0,-201,0,-7,-7,-6,-8,-13,-18,-35,0,-35,-42,-65,0,0,0,-80,-63,-530,-523,-333,0,0,0,0,0,0,0,0,0,0,0,0,0,0]} 1. e4 c6 2. d4 d5 3. Nc3 dxe4 4. Nxe4 Nf6 5. Nxf6+ gxf6 6. Nf3 Bg4 7. Be2 e6 8. Be3 Nd7 9. Qd2 {B16: Caro-Kann: Bronstein-Larsen Variation} (9. h3 Bf5 10. Bd3 Bg6 11. Qd2 Nb6 12. O-O Nd5 13. c4 Nxe3 14. Qxe3 Qb6 15. Qe2 Rd8 16. Rad1 Be7 {0-1 (63) Vogt,L (2397)-Grachev,B (2672) Eilat 2012}) 9... Nb6 10. c4 $146 ({Predecessor:} 10. O-O Bd6 11. h3 Bh5 12. Ne1 Bxe2 13. Qxe2 Qc7 14. c4 Bf4 15. g4 a5 16. b3 Bxe3 17. fxe3 Nd7 18. Nd3 O-O 19. Nf4 f5 20. Nh5 Qd6 21. Rad1 Rad8 22. e4 fxe4 23. Qxe4 {1-0 (23) Bukvic,M (2149)-Popovic,N (2340) Cetinje 2013}) 10... a5 11. a3 {White is better.} Nc8 12. O-O Nd6 13. Rac1 Rg8 14. Rfd1 Nf5 15. d5 Bh3 16. g3 Qc7 17. dxc6 (17. dxe6 $142 Nxe3 18. exf7+ (18. Qxe3 fxe6 19. c5 Rg6 $16) 18... Kxf7 19. Qxe3) 17... Qxc6 18. c5 Be7 19. b4 (19. Ne1 $16) 19... Rd8 $14 20. Qc3 (20. Qc2 {looks sharper.} Rxd1+ 21. Bxd1 Kf8 22. Bh6+ Nxh6 23. Qxh7 Nf5 24. Qxh3 axb4 25. axb4 Qe4 26. b5) 20... Rxd1+ $1 21. Rxd1 Nxe3 (21... Kf8 $14) 22. Qxe3 $16 axb4 (22... Rg5 $16) 23. axb4 $18 Rg4 24. Qh6 $2 ({White must play} 24. Ra1 $1 $18 Bd8 25. Qh6 {[%mdl 64] Double Attack} Rxb4 26. Qxh3 Qxc5 27. Qxh7) 24... Re4 $14 25. Qxh3 Rxe2 26. Qg4 Re4 $2 {[%mdl 8192]} (26... Qe4 $11 27. Qg8+ Bf8) 27. Qg8+ Bf8 28. Ra1 (28. Rd6 $1 $18 {[%cal Rd6c6] is more deadly.} Qa4 29. Kg2 Rxb4 30. Qh8) 28... Qc8 $16 29. b5 Rb4 30. b6 ({Of course not} 30. Qxh7 $6 Rxb5 31. c6 bxc6 $11) ({White should try} 30. c6 $1 $16) 30... Rb5 $11 31. Nd2 Rxc5 32. Ne4 Rc1+ 33. Kg2 Ke7 34. Qh8 Rxa1 35. Qxf6+ {[%mdl 64] Double Attack} Ke8 36. Qxa1 Qc6 37. f3 f5 38. Nf6+ Kf7 {And now ...Bg7 would win.} 39. Nh5 Qxb6 40. Qh8 Be7 41. Nf4 Qe3 42. Qxh7+ Ke8 43. Qh8+ Kd7 {...e5 is the strong threat.} 44. Qb2 Kc6 45. Qa2 Kd6 46. Qc4 Bg5 47. Ne2 Qc5 48. Qd3+ Qd5 49. Qa3+ Qc5 50. Qb3 b5 51. Qd3+ Qd5 52. Nd4 $2 (52. Qa3+ $11 {and White stays safe.} Kd7 53. Qa7+ Ke8 54. h4) 52... Kc5 $2 ({Black should play} 52... Ke5 $1 $19 {Hoping for ...Bh6.} 53. h4 Bh6) 53. Qc3+ Kb6 {aiming for ...Bf6.} 54. Nb3 Qc4 55. Qa5+ Kb7 {( -> ...Qe2+)} 56. Qa2 Kb6 57. h4 Be3 58. Qb2 Qb4 (58... Qd3 $15) 59. Kf1 (59. Qc2 $11 {keeps the balance.}) 59... Qc4+ $17 60. Kg2 Qd3 61. h5 $2 {[%mdl 8192]} (61. Nc1 $1 $15 Bxc1 62. Qxc1) 61... Qd1 $19 {Strongly threatening ...Qg1+.} 62. f4 {[#]} Qd5+ $2 ({Inferior is} 62... Qxh5 63. Qe5 $11) (62... e5 $1 $19 {White must now prevent ...Qg1+.} 63. Qa1 Qe2+ 64. Kh3 Qxh5+ 65. Kg2 Qe2+ 66. Kh3 {[#]} Bxf4 $1 {[%mdl 512]} 67. Qa5+ Kb7 68. gxf4 Qf3+ 69. Kh2 Qxb3 70. fxe5 Qb2+ 71. Kg3 Qxe5+ 72. Kh4 Qf4+ 73. Kh5 Qc4) 63. Kh2 $11 {The position is equal.} Qf3 {Threatens to win with ...Bf2.} 64. Qe5 Qxh5+ 65. Kg2 Qe2+ 66. Kh3 Qh5+ 67. Kg2 Qe2+ 68. Kh3 Qh5+ 69. Kg2 {Accuracy: White = 50%, Black = 71%.} 1/2-1/2

[Event "72nd RUS-ch Higher League 2019"]
[Site "Yaroslavl"]
[Date "2019.07.04"]
[Round "7.1"]
[White "Predke, Alexandr"]
[Black "Sarana, Alexey"]
[Result "0-1"]
[WhiteElo "2632"]
[BlackElo "2641"]
[Annotator "TA"]
[PlyCount "108"]
[EventDate "2019.06.27"]
[EventType "swiss"]
[EventCountry "RUS"]
[SourceTitle "playchess.com"]
[Source "ChessBase"]
[SourceQuality "1"]

{[%evp 9,108,32,58,29,30,33,38,29,23,19,24,19,5,0,23,16,8,5,0,-7,0,0,0,0,0,0,11,0,0,0,0,0,0,0,7,6,7,-49,-24,-32,-29,-32,-32,-52,-48,-80,-26,-26,-26,-26,-19,-26,-26,-32,-26,-22,-4,-26,-27,-29,-24,-59,-31,-34,-31,-31,-22,-33,-38,-76,-76,-76,-74,-77,-63,-64,-64,-97,-100,-204,-198,-266,-266,-379,-335,-760,-764,-743,-697,-29968,-29966,-29955,-29968,-29976,-29976,-29979,-29980,-29976,-657,-29977,-29978]} 1. e4 c5 2. Nc3 d6 3. d4 cxd4 4. Qxd4 Nf6 (4... Nc6 5. Qd2 Nf6 6. b3 e6 7. Bb2 d5 8. exd5 exd5 9. O-O-O Be6 10. a3 Bc5 11. Nf3 {½-½ (49) Caruana,F (2819)-Vachier Lagrave,M (2773) Karlsruhe/Baden Baden 2019}) 5. Bg5 Nc6 6. Qd2 {B23: Closed Sicilian: Lines without g3} (6. Qe3 {keeps more tension.} e6 7. O-O-O Be7 8. f4 O-O 9. Kb1) 6... h6 7. Bxf6 gxf6 8. O-O-O {White is slightly better.} Bg7 $146 ({Predecessor:} 8... h5 9. Kb1 Be6 10. Nge2 Bh6 11. f4 {0-1 (53) Bajarani,I (2310)-Getman,T (2195) St Petersburg 2018}) 9. Bd3 Qa5 10. Kb1 f5 11. Nd5 {White wants to play Qxa5.} Qxd2 12. Rxd2 {Strongly threatening Nc7+.} fxe4 13. Bxe4 {Hoping for Nc7+.} Rb8 14. Ne2 e6 15. Ndf4 d5 16. Bd3 O-O 17. Nh5 e5 18. f4 e4 19. Bb5 Ne7 20. Nxg7 Kxg7 21. Nd4 h5 22. Re1 Kf6 23. Re3 (23. c4 $11) 23... Be6 24. Be2 h4 25. c4 Rbd8 {White must now prevent ...Nf5.} 26. cxd5 Bxd5 27. Rd1 Nf5 ({Better is} 27... Kg6 $17) 28. Nxf5 $11 Kxf5 29. g3 Bc6 30. Rxd8 Rxd8 {[%mdl 4096] Endgame KRB-KRB} 31. Kc2 hxg3 32. hxg3 Kg6 33. b3 f5 34. Rc3 Rh8 35. Re3 a6 36. a4 $1 Rh1 37. Kc3 Kf6 38. Kd4 Bd7 39. Kc3 Be6 40. Kd2 Rg1 41. Rc3 Bd5 42. b4 Ke6 43. b5 a5 44. Bd1 {[#]} (44. b6 $17 {is a better defense.}) 44... Kd6 $1 $19 45. Be2 (45. b6 $142) 45... Be6 46. Bh5 (46. Rc2 $142) 46... Kd5 47. Rc7 $2 (47. Ke3 Rxg3+ 48. Kd2 Rg2+ 49. Ke3) 47... Kd4 48. Ke2 e3 49. Bf7 Bxf7 50. Rxf7 {[#]} Rg2+ $1 51. Kd1 Ke4 52. Rxb7 Kf3 53. Re7 Rg1+ 54. Kc2 e2 {Accuracy: White = 43%, Black = 72%.} 0-1

[Event "72nd RUS-ch Higher League 2019"]
[Site "Yaroslavl"]
[Date "2019.07.04"]
[Round "7.2"]
[White "Rakhmanov, Aleksandr"]
[Black "Fedoseev, Vladimir"]
[Result "1/2-1/2"]
[WhiteElo "2615"]
[BlackElo "2680"]
[Annotator "TA"]
[PlyCount "102"]
[EventDate "2019.06.27"]
[EventType "swiss"]
[EventCountry "RUS"]
[SourceTitle "playchess.com"]
[Source "ChessBase"]
[SourceQuality "1"]

{[%evp 17,102,16,25,0,0,0,24,-7,-7,-12,-16,-11,-11,-16,-13,-12,-14,-14,-14,-19,-19,-16,-20,-13,-9,-16,-6,-10,-11,-26,-23,-14,-16,-12,-12,-20,-9,-14,-26,-29,-4,-8,-5,-9,-6,-7,-7,-14,-4,-19,-21,-27,0,-22,-22,-28,-26,-38,-28,-21,0,-24,-25,-25,-24,-24,-27,-27,-27,-31,0,0,-8,-8,-8,-8,-8,-8,-8,-8,-8,-8,0,-8,0,-8,0]} 1. Nf3 Nf6 2. g3 g6 3. Bg2 Bg7 4. O-O O-O 5. d4 d5 6. c4 c6 7. cxd5 cxd5 8. Nc3 Nc6 9. Ne5 e6 10. Be3 {D79: Fianchetto Grünfeld: Symmetrical Variation (6 0-0 c6 7 cxd5 cxd5)} (10. Bg5 h6 11. Nxc6 bxc6 12. Bf4 Nd7 13. Qd2 Qb6 14. Rfd1 Ba6 15. Rac1 Rfd8 16. e4 Rac8 17. Na4 Qb5 18. Nc5 Nxc5 19. Rxc5 Qe2 20. Qc1 {1-0 (35) Yu,Y (2753)-Lu,S (2638) Danzhou 2017}) 10... Bd7 11. Qd2 Ne8 12. Nxc6 $146 {White has an edge.} ({Predecessor:} 12. Bf4 Nxe5 13. dxe5 Bc6 14. Rad1 Qb8 15. Qd4 Nc7 16. e4 dxe4 17. Bxe4 Rd8 {0-1 (35) Vadasz,L (2465)-Csom,I (2490) Budapest 1976}) 12... Bxc6 13. Bh6 Bxh6 14. Qxh6 Nd6 15. b3 Rc8 16. Qd2 Qa5 17. Rfc1 Bd7 18. Ne4 Qxd2 19. Nxd2 Nb5 20. Nf3 f6 21. e3 Rc3 22. Rxc3 Nxc3 23. Bf1 Rc8 24. Ne1 Ne4 25. f3 Nd6 26. Kf2 g5 27. Bh3 Kf7 28. Ke2 h5 29. Kd2 Ke7 30. Nd3 b6 31. a4 a5 32. Rc1 Rh8 33. Rh1 Nf7 34. Bg2 Kd6 35. e4 dxe4 36. fxe4 e5 37. d5 h4 38. Nb2 Kc7 39. Nc4 Nd6 {...Nxc4+ is the strong threat.} 40. Ne3 hxg3 41. hxg3 Rxh1 42. Bxh1 $11 {[%mdl 4096] Endgame KBN-KBN} f5 43. exf5 $1 Bxf5 44. Bf3 {The position is equal.} Be4 45. Bxe4 (45. Bg4 {is interesting.} Bh7 46. Bf3 Bb1 47. Kc1 Bd3 48. Kd2) 45... Nxe4+ {KN-KN} 46. Kd3 Nxg3 47. Nc4 e4+ 48. Ke3 Kb7 49. Nd6+ Kc7 50. Nc4 Kb7 51. Nd6+ Kc7 {Accuracy: White = 59%, Black = 68%.} 1/2-1/2

[Event "72nd RUS-ch Higher League 2019"]
[Site "Yaroslavl"]
[Date "2019.07.04"]
[Round "7.3"]
[White "Esipenko, Andrey"]
[Black "Sjugirov, Sanan"]
[Result "1/2-1/2"]
[WhiteElo "2611"]
[BlackElo "2667"]
[Annotator "TA"]
[PlyCount "105"]
[EventDate "2019.06.27"]
[EventType "swiss"]
[EventCountry "RUS"]
[SourceTitle "playchess.com"]
[Source "ChessBase"]
[SourceQuality "1"]

{[%evp 13,105,37,33,31,36,19,27,15,18,7,22,12,20,10,14,-12,18,-44,-29,-33,-35,-42,-32,-44,-37,-44,-29,-36,-34,-46,-33,-31,-35,-46,-26,-47,-30,-53,-52,-52,-39,-26,-25,-39,-39,-39,-39,-39,-28,-39,0,-39,-22,-39,0,-39,0,-39,-6,-10,-10,-29,-6,-5,-5,-15,0,-42,-39,-58,0,0,0,9,10,0,0,0,0,0,0,0,0,0,66,56,67,57,65,0,67,0,59,0]} 1. e4 e5 2. Nf3 Nc6 3. Bc4 Nf6 4. d3 Be7 5. O-O O-O 6. Re1 d6 7. a4 Na5 8. Ba2 {C55: Two Knights: 4 d3, 4 d4 exd4 5 e5 and Max Lange Attack} c5 9. Nc3 (9. c3 Nc6 10. Nbd2 h6 11. Nf1 Re8 12. h3 Bf8 13. Ne3 Be6 14. Bxe6 Rxe6 15. Nd5 Re8 16. Nxf6+ Qxf6 {½-½ (30) Jakovenko,D (2719)-Yu,Y (2751) Shenzhen 2019}) 9... Nc6 10. Nd5 {White has an edge.} Nxd5 11. Bxd5 Kh8 12. c3 f5 13. exf5 Bxf5 14. Qe2 {[#]} Qe8 $146 ({Predecessor:} 14... Bg4 15. Qe3 Qd7 {½-½ (60) Jovanovic,Z (2536)-Bindrich,F (2564) Austria 2014}) 15. Nd2 (15. d4 $11) 15... Qg6 $15 16. Be4 Rad8 17. Nf1 d5 18. Bxf5 Rxf5 19. Ng3 Rf7 20. Bd2 Rdf8 21. Rf1 $1 a6 22. Be3 b6 23. Rad1 Bh4 24. Bc1 h6 25. Be3 Kh7 26. Bd2 a5 27. Bc1 Kg8 28. Bd2 Kh8 29. Bc1 Kh7 30. Bd2 Bd8 31. Bc1 Bh4 32. Bd2 Be7 33. Be3 Bd8 34. Bd2 Bh4 35. Bc1 Bxg3 36. hxg3 h5 37. Kh2 Qg4 38. f3 Qxa4 39. Rh1 Kg8 40. Kg1 Rf5 41. f4 Ne7 (41... d4 $1 $15) 42. Rxh5 $11 Rxh5 43. Qxh5 exf4 {And now ...f3! would win.} 44. Bxf4 Qe8 45. Qe5 {[#] aiming for Re1.} Qd7 46. Re1 Ng6 47. Qc7 Qb5 48. Bd6 Rf7 ({Black should try} 48... Rf6 $1 $11) 49. Qc8+ $14 Kh7 50. Qh3+ Kg8 51. Qc8+ Kh7 52. Qh3+ Kg8 53. Qc8+ {Accuracy: White = 46%, Black = 61%.} (53. d4 $14 cxd4 54. Qe6 (54. cxd4 Rf6 $11)) 1/2-1/2

[Event "72nd RUS-ch Higher League 2019"]
[Site "Yaroslavl"]
[Date "2019.07.04"]
[Round "7.5"]
[White "Alekseenko, Kirill"]
[Black "Iljiushenok, Ilia"]
[Result "1-0"]
[WhiteElo "2650"]
[BlackElo "2549"]
[Annotator "TA"]
[PlyCount "109"]
[EventDate "2019.06.27"]
[EventType "swiss"]
[EventCountry "RUS"]
[SourceTitle "playchess.com"]
[Source "ChessBase"]
[SourceQuality "1"]

{[%evp 9,109,15,6,0,0,-2,7,-11,-9,-12,0,-16,-14,-31,-19,-25,-25,-29,-45,-48,-60,-54,-47,-43,-40,-61,-68,-95,-109,-62,-62,-91,-51,-57,-59,-55,-52,-42,-52,-52,-18,-25,-26,-34,0,0,0,-4,-6,-41,-4,-24,14,14,14,18,20,11,18,7,0,0,0,0,0,0,1,0,0,0,0,0,39,29,22,20,27,0,24,22,28,18,33,17,33,8,41,41,41,41,49,48,43,35,844,829,29976,29977,29995,29996,29997,29998]} 1. e4 c6 2. d4 d5 3. e5 c5 4. Nf3 cxd4 5. Nxd4 Nc6 (5... e6 6. Nd2 Ne7 7. Bd3 Nec6 8. N2f3 Nxd4 9. Nxd4 Nc6 10. Nf3 Bc5 11. O-O h6 12. c3 a6 13. Re1 {1-0 (57) Jones,G (2682)-Indjic,A (2620) St Petersburg 2018}) 6. f4 {B12: Caro-Kann: Advance Variation} Nh6 7. c3 a6 $146 ({Predecessor:} 7... Nf5 8. Nf3 e6 9. Bd3 Bc5 10. Qe2 h5 11. Bxf5 exf5 12. Be3 Bxe3 13. Qxe3 {1-0 (32) Kosmo,S (2206)-Tocklin,T (1969) Stockholm 2004}) 8. Nd2 {The position is equal.} Nxd4 9. cxd4 Qb6 10. Nb3 Bg4 11. Qc2 Rc8 12. Nc5 e6 $36 {[%mdl 2048] White is under pressure.} 13. h3 Bxc5 14. dxc5 Rxc5 15. Qa4+ Rc6 {...Bf5 is the strong threat.} 16. hxg4 Nxg4 17. Bd2 Nf2 18. Rh3 Nxh3 19. gxh3 Qxb2 20. Rd1 $1 O-O 21. Bd3 Qb6 {Threatens to win with ...f6.} 22. Ke2 Rfc8 23. Rb1 Qc7 24. Qd4 Qe7 25. Qf2 b5 26. Qg3 f5 27. exf6 $1 Qxf6 28. Re1 Re8 {And now ...e5 would win.} 29. Qf3 g6 30. Kf2 Rc7 31. Re5 Rf7 32. Qe3 Qh4+ 33. Kg2 Ref8 {[%cal Rf7f4]} 34. Qg3 Qxg3+ 35. Kxg3 Re8 36. h4 Rc7 37. h5 Kf7 38. Kf3 Rg8 39. Rg5 Rcc8 40. Ke3 Rb8 41. a3 {[%mdl 1024] White has compensation.} Rbc8 42. Kd4 Kf6 43. Be3 Rc7 44. Rg1 Rcc8 45. Rh1 Rc7 46. Bd2 Rcc8 47. Bb4 g5 48. Rf1 gxf4 49. Rxf4+ Kg5 50. Ke5 Kxh5 51. Be7 {[%csl Ge7][%cal Rf4h4] [#]} Rg5+ $2 {[%mdl 8192]} (51... Rc4 $1 $14) 52. Kf6 $1 $18 {Intending Be2+ and mate.} Kh6 {[#]} 53. Bb4 $1 {White mates.} Rh5 54. Rf2 Rh1 {[#]} 55. Be2 $1 {Accuracy: White = 73%, Black = 53%.} 1-0

[Event "72nd RUS-ch Higher League 2019"]
[Site "Yaroslavl"]
[Date "2019.07.04"]
[Round "7.6"]
[White "Kokarev, Dmitry"]
[Black "Chigaev, Maksim"]
[Result "1/2-1/2"]
[WhiteElo "2609"]
[BlackElo "2640"]
[Annotator "RC"]
[PlyCount "99"]
[EventDate "2019.06.27"]
[EventType "swiss"]
[EventCountry "RUS"]
[SourceTitle "playchess.com"]
[Source "ChessBase"]
[SourceQuality "1"]
[TimeControl "40/5400+30:1800+30"]

1. e4 {[%emt 0:00:00]} e5 {[%emt 0:00:00]} 2. Nf3 {[%emt 0:00:00]} Nc6 {[%emt 0:00:00]} 3. Bb5 {[%emt 0:00:00]} a6 {[%emt 0:00:00]} 4. Ba4 {[%emt 0:00:00]} Nf6 {[%emt 0:00:00]} 5. O-O {[%emt 0:00:07]} Be7 {[%emt 0:00:00]} 6. Bxc6 {[%emt 0:00:12]} dxc6 {[%emt 0:00:02]} 7. d3 {[%emt 0:00:08]} Nd7 {[%emt 0:00:05]} 8. b3 {[%emt 0:00:08]} f6 {[%emt 0:00:52]} 9. Bb2 {[%emt 0:00:33]} O-O {[%emt 0:01:22]} 10. Qe2 {[%emt 0:00:07]} a5 {[%emt 0:00:10]} 11. d4 {[%emt 0:03:05]} exd4 {[%emt 0:01:14]} 12. Nxd4 {[%emt 0:00:06]} Nc5 {[%emt 0:06:58]} 13. a4 {[%emt 0:00:31]} Qe8 {[%emt 0:01:22]} 14. Nd2 {[%emt 0:00:52]} Qf7 {[%emt 0:03:45]} 15. f4 {[%emt 0:04:07]} Re8 {[%emt 0:00:54]} 16. N2f3 {[%emt 0:10:15]} Ne6 {[%emt 0:22:24]} 17. Nxe6 {[%emt 0:05:05]} Bxe6 {[%emt 0:02:01]} 18. h3 {[%emt 0:01:22]} Rad8 {[%emt 0:04:34]} 19. Kh1 {[%emt 0:07:49]} c5 {[%emt 0:06:11]} 20. c4 {[%emt 0:04:30]} b6 {[%emt 0:00:46]} 21. Rae1 {[%emt 0:05:11]} Bc8 {[%emt 0:01:44]} 22. Qc2 {[%emt 0:10:43]} Bb7 {[%emt 0:03:53]} 23. Kg1 {[%emt 0:06:09]} Qg6 {[%emt 0:20:20]} 24. Nh4 {[%emt 0:04:50]} Qg3 {[%emt 0:01:50]} 25. Nf5 {[%emt 0:00:15]} Qd3 {[%emt 0:00:06]} 26. Qxd3 {[%emt 0:00:25]} Rxd3 {[%emt 0:00:09]} 27. Rf3 {[%emt 0:00:37]} Rxf3 {[%emt 0:04:44]} 28. gxf3 {[%emt 0:04:17]} Bf8 {[%emt 0:10:43]} 29. Kf2 {[%emt 0:02:59]} Rd8 {[%emt 0:01:35]} 30. Ke2 {[%emt 0:00:30]} Kf7 {[%emt 0:00:07]} 31. Ne3 {[%emt 0:08:34]} c6 {[%emt 0:00:17]} 32. f5 {[%emt 0:03:11]} Ba6 {[%emt 0:02:59]} 33. Bc3 {[%emt 0:02:00]} Bc8 {[%emt 0:00:31]} 34. Ng4 {[%emt 0:06:24]} Be7 {[%emt 0:01:15]} 35. Rg1 {[%emt 0:00:15]} Bd6 {[%emt 0:03:26]} 36. h4 {[%emt 0:03:42]} Bf4 {[%emt 0:00:45]} 37. h5 {[%emt 0:00:29]} h6 {[%emt 0:00:07]} 38. Nf2 {[%emt 0:00:16]} Bc7 {[%emt 0:00:16]} 39. Nd3 {[%emt 0:01:29]} Bd7 {[%emt 0:00:29]} 40. Be1 {[%emt 0:00:00]} Re8 {[%emt 0:00:00]} 41. Kd2 {[%emt 0:01:43]} Rd8 {[%emt 0:05:11]} 42. Bg3 {[%emt 0:01:26]} Bxg3 {[%emt 0:00:06]} 43. Rxg3 {[%emt 0:00:03]} Be8 {[%emt 0:00:09]} 44. Ke2 {[%emt 0:03:27]} Kf8 {[%emt 0:00:07]} 45. Nf4 {[%emt 0:01:09]} Bf7 {[%emt 0:00:06]} 46. Ng6+ {[%emt 0:02:39]} Bxg6 {[%emt 0:01:34]} 47. fxg6 {[%emt 0:02:45]} Ke7 {[%emt 0:01:44]} 48. Rg1 {[%emt 0:07:12]} Ke6 {[%emt 0:01:10]} 49. Ke3 {[%emt 0:00:12]} Rd4 {[%emt 0:00:52]} 50. f4 {[%emt 0:06:01] Ke5} 1/2-1/2

[Event "72nd RUS-ch Higher League 2019"]
[Site "Yaroslavl"]
[Date "2019.07.04"]
[Round "7.7"]
[White "Grachev, Boris"]
[Black "Pridorozhni, Aleksei"]
[Result "1/2-1/2"]
[WhiteElo "2621"]
[BlackElo "2588"]
[Annotator "ChessBase"]
[PlyCount "53"]
[EventDate "2019.06.27"]
[EventType "swiss"]
[EventCountry "RUS"]
[SourceTitle "playchess.com"]
[Source "ChessBase"]
[SourceQuality "1"]
[TimeControl "40/5400+30:1800+30"]

1. Nf3 {[%emt 0:00:00]} d5 {[%emt 0:00:00]} 2. e3 {[%emt 0:00:00]} c5 {[%emt 0:00:15]} 3. b3 {[%emt 0:00:36]} Nc6 {[%emt 0:00:10]} 4. Bb2 {[%emt 0:02:01]} Nf6 {[%emt 0:01:08]} 5. Bb5 {[%emt 0:00:47]} Bd7 {[%emt 0:00:17]} 6. O-O {[%emt 0:02:38]} e6 {[%emt 0:01:00]} 7. c4 {[%emt 0:02:29]} a6 {[%emt 0:02:40]} 8. cxd5 {[%emt 0:14:55]} axb5 {[%emt 0:08:51]} 9. dxc6 {[%emt 0:00:06]} Bxc6 {[%emt 0:00:03]} 10. Ne5 {[%emt 0:00:27]} Be7 {[%emt 0:03:27]} 11. Nxc6 {[%emt 0:01:04]} bxc6 {[%emt 0:00:06]} 12. Nc3 {[%emt 0:08:23]} O-O {[%emt 0:00:53]} 13. Qc2 {[%emt 0:01:00]} Qd7 {[%emt 0:04:59]} 14. Rfd1 {[%emt 0:01:11]} Rfd8 {[%emt 0:01:44]} 15. Ne4 {[%emt 0:08:14]} Nxe4 {[%emt 0:05:38]} 16. Qxe4 {[%emt 0:05:17]} Bf8 {[%emt 0:00:19]} 17. h3 {[%emt 0:03:33]} Qb7 {[%emt 0:03:52]} 18. Qc2 {[%emt 0:03:34]} h6 {[%emt 0:07:37]} 19. d3 {[%emt 0:04:35]} Ra6 {[%emt 0:02:42]} 20. a3 {[%emt 0:02:29]} Rd7 {[%emt 0:02:08]} 21. Rd2 {[%emt 0:07:14]} Qa8 {[%emt 0:04:54]} 22. Rad1 {[%emt 0:00:51]} Raa7 {[%emt 0:01:29]} 23. Qc1 {[%emt 0:07:25]} Ra6 {[%emt 0:02:01]} 24. Qc2 {[%emt 0:00:35]} Raa7 {[%emt 0:00:10]} 25. Qc1 {[%emt 0:00:11]} Ra6 {[%emt 0:00:06]} 26. Qc2 {[%emt 0:00:18]} Raa7 {[%emt 0:00:06]} 27. Qc1 {[%emt 0:01:09]} 1/2-1/2

[Event "72nd RUS-ch Higher League 2019"]
[Site "Yaroslavl"]
[Date "2019.07.04"]
[Round "7.8"]
[White "Dreev, Aleksey"]
[Black "Lysyj, Igor"]
[Result "1-0"]
[WhiteElo "2657"]
[BlackElo "2623"]
[Annotator "TA"]
[PlyCount "59"]
[EventDate "2019.06.27"]
[EventType "swiss"]
[EventCountry "RUS"]
[SourceTitle "playchess.com"]
[Source "ChessBase"]
[SourceQuality "1"]

{[%evp 9,59,10,3,8,17,-2,6,2,9,2,-2,-7,15,12,9,0,0,0,0,0,0,-8,0,0,7,18,10,19,41,47,48,51,68,47,79,79,113,108,122,125,113,108,136,137,359,367,368,375,854,850,932,916]} 1. d4 d5 2. Nf3 e6 3. Bf4 Nf6 4. e3 Bd6 5. Nbd2 O-O 6. Bd3 {D02: 1 d4 d5 2 Nf3 sidelines, including 2...Nf6 3 g3 and 2...Nf6 3 Bf4} b6 (6... c5 7. dxc5 Bxc5 8. c4 dxc4 9. Nxc4 Bb4+ 10. Ke2 Be7 11. Rc1 Nc6 12. Qb3 Nh5 13. Bg3 h6 {1-0 (53) Inarkiev,E (2693)-Riazantsev,A (2649) Moscow 2018}) 7. Bg5 Nbd7 8. e4 {The position is equal.} dxe4 9. Bxe4 Rb8 10. Bc6 $146 ({Predecessor:} 10. Bd3 Bb7 11. Qe2 Re8 12. Nc4 h6 13. Nxd6 cxd6 {1-0 (31) Rigos,M-Malavazzi,B Bento Goncalves 2001}) 10... Bb7 11. Bxb7 Rxb7 12. Qe2 c5 13. O-O cxd4 14. Nxd4 Qb8 15. N2f3 Re8 16. Rad1 e5 17. Nf5 Bf8 18. Rfe1 g6 19. Nh6+ Bxh6 $1 20. Bxh6 e4 21. Ng5 Rc7 22. h3 Rc5 23. Rd4 e3 24. fxe3 Qg3 25. Nf3 {[#] Black must now prevent Bf4.} Ne5 26. Rf1 {aiming for Nd2.} Nc6 $2 (26... Nxf3+ $16 27. Rxf3 Qe5) 27. Rf4 $18 Nd5 28. Qd2 Ncb4 $2 {[#]} (28... Rd8 29. Rd4 Qb8) 29. Rxb4 Nxb4 30. Qd4 {Accuracy: White = 76%, Black = 26%.} ({Not} 30. Qxb4 Rxc2 31. Ne1 Rcc8 $18) 1-0

[Event "72nd RUS-ch Higher League 2019"]
[Site "Yaroslavl"]
[Date "2019.07.04"]
[Round "7.9"]
[White "Romanov, Evgeny"]
[Black "Zvjaginsev, Vadim"]
[Result "1/2-1/2"]
[WhiteElo "2577"]
[BlackElo "2644"]
[Annotator "TA"]
[PlyCount "96"]
[EventDate "2019.06.27"]
[EventType "swiss"]
[EventCountry "RUS"]
[SourceTitle "playchess.com"]
[Source "ChessBase"]
[SourceQuality "1"]

{[%evp 9,96,19,31,22,27,27,35,6,43,41,41,41,42,46,50,25,19,-24,-14,-37,-41,-43,-12,-15,-6,-45,-47,-47,-52,-39,-21,-21,0,-82,-66,-106,-77,-90,-28,-73,-22,-37,-35,-29,-18,-14,-21,-49,-54,-50,-45,-45,-45,-45,-45,-45,-45,-45,-45,-40,-44,-30,-13,-15,-9,-20,-12,-13,-12,-11,-13,-14,0,-5,0,-13,-2,-2,-2,-2,0,0,0,0,0,0,0,0,0]} 1. Nf3 d6 2. d4 Nf6 3. Nc3 Bf5 4. Nh4 Bd7 5. e4 e5 6. Nf3 {A46: 1 d4 Nf6 2 Nf3 e6: Torre, London and Colle Systems} Nc6 (6... exd4 7. Nxd4 g6 8. g3 Bg7 9. Bg2 O-O 10. O-O Nc6 11. Nde2 Re8 12. h3 {½-½ (65) Maghsoodloo,P (2679)-Adhiban,B (2689) chess.com INT 2019}) 7. Be2 g6 8. Bg5 $146 {White is slightly better.} ({Predecessor:} 8. dxe5 Nxe5 9. O-O Nxf3+ 10. Bxf3 Bg7 11. Bf4 O-O 12. Re1 {0-1 (65) Rochev,Y (2395)-Hebden,M (2556) Dun Laoghaire 2010}) 8... Bg7 9. dxe5 dxe5 10. Nd5 h6 11. Bxf6 Bxf6 12. Qd3 Bg7 13. O-O-O Nd4 $1 14. h4 {[%cal Rf3d4]} c6 15. Ne3 Qc7 16. h5 O-O-O 17. hxg6 fxg6 18. Nh4 Be8 19. Kb1 Bf7 20. c3 Nf5 21. exf5 (21. Nd5 $1 $11 {remains equal.} cxd5 22. exf5) 21... Rxd3 $17 22. Bxd3 {[#]} e4 $1 {[%mdl 512]} 23. Bc4 {[#]} (23. Bxe4 Qb6) 23... gxf5 (23... Bxc4 $1 $17 24. Nxc4 gxf5) 24. Nhxf5 {Threatens to win with Bxf7.} Bf8 ({Black should play} 24... Bxc4 $17 25. Nxc4 Kb8) 25. Bxf7 $11 Qxf7 26. Rh4 Qe6 27. Rd4 Bc5 28. Rhxe4 Qf6 $1 29. Rd2 Bxe3 30. Nxe3 Qg6 31. f3 Re8 32. Rd6 Qxd6 33. Rxe8+ $15 {[%mdl 4096] Endgame KQ-KRN} Kd7 34. Re4 {And now Rd4 would win.} Qd3+ {[%mdl 1024] Black has compensation.} 35. Ka1 {aiming for Rd4+.} c5 36. a4 {The position is equal.} a6 37. a5 Qb5 38. Nc4 Qa4+ 39. Kb1 Qd1+ 40. Ka2 Qa4+ 41. Kb1 {Hoping for Nb6+.} Qd1+ 42. Ka2 h5 43. Nb6+ Kc6 44. c4 Qd2 45. Re6+ Kc7 46. Re7+ $1 Kc6 47. Re6+ Kc7 48. Re7+ $1 Kc6 {Accuracy: White = 64%, Black = 46%.} 1/2-1/2